[Event "Revancha"]
[Site "http://www.queenalice.com/game.php?id=212526"]
[Date "2007.5.17"]
[Round "-"]
[White "fgonper"]
[Black "Kaupauki"]
[Result "1-0"]
[WhiteElo "2344"]
[BlackElo "2458"]

1. e4 e5 2. Nf3 Nc6 3. Bb5 a6 4. Ba4 Nf6 5. O-O Be7 6. Re1 b5 7. Bb3 d6 8. c3
O-O 9. h3 Na5 10. Bc2 c5 11. d4 Nd7 12. Nbd2 cxd4 13. cxd4 Nc6 14. Nf1 exd4 15.
Nxd4 Nxd4 16. Qxd4 Ne5 17. Qd1 Bf6 18. Ne3 Be6 19. a4 Qd7 20. f4 Nc6 21. Ra3 b4
22. Rd3 Qa7 23. Kh1 Nd4 24. Bb1 Rac8 25. Ng4 Bxg4 26. hxg4 Ne6 27. g5 Bd8 28.
Rf1 a5 29. Rxd6 Be7 30. Rd7 Rc7 31. Rd5 Rfc8 32. Bd2 Qa8 33. Qf3 Rd8 34. Be3
Rxd5 35. exd5 Nc5 36. Bd4 Qd8 37. d6 Bxd6 38. Qh3 g6 39. Rf3 h5 40. gxh6 Kh7 41.
f5 Qe8 42. Qh4 Re7 43. Bg1 Nd7 44. Bd3 b3 45. Bb5 Qg8 46. Qg5 Ne5 47. Rg3 Rc7
48. Qf6 Qf8 49. Be3 Rc8 50. Bf4 Bb8 51. Bxe5 Bxe5 52. Qxe5 Rc5 53. fxg6+ fxg6
54. Qe3 Rh5+ 55. Kg1 Qc5 56. Qxc5 Rxc5 57. Rxb3 Kxh6 58. Kf2 Rd5 59. Ke3 Rd1 60.
Bc6 1-0

[Event "Challenge"]
[Site "http://www.queenalice.com/game.php?id=220903"]
[Date "2007.6.5"]
[Round "-"]
[White "fgonper"]
[Black "NextFuture"]
[Result "0-1"]
[WhiteElo "2323"]
[BlackElo "2108"]

1. d4 Nf6 2. c4 e6 3. Nf3 d5 4. Nc3 Nbd7 5. cxd5 exd5 6. Bg5 Be7 7. e3 O-O 8.
Bd3 Re8 9. Qc2 Nf8 10. O-O Ng6 11. Ne5 c6 12. f4 Ng4 13. Bxe7 Qxe7 14. Rf3 Nf8
15. Rg3 Nxe5 16. fxe5 f6 17. exf6 Qxf6 18. Rf1 Qh4 0-1

[Event "Challenge"]
[Site "http://www.queenalice.com/game.php?id=220904"]
[Date "2007.6.5"]
[Round "-"]
[White "Number9"]
[Black "fgonper"]
[Result "0-1"]
[WhiteElo "2196"]
[BlackElo "2310"]

1. d4 Nf6 2. c4 e6 3. Nc3 Bb4 4. e3 O-O 5. Bd3 d5 6. a3 Bxc3+ 7. bxc3 dxc4 8.
Bxc4 c5 9. Ne2 Qc7 10. Bd3 e5 11. O-O Nc6 12. Qc2 Be6 13. Ng3 Rfd8 14. Rb1 cxd4
15. exd4 h6 16. Be3 Rac8 17. Rfc1 Qe7 18. Qb2 Rc7 19. f3 Nd5 20. Bf2 Nf4 21. Be4
Bd5 22. Nf5 Qe6 23. Bg3 Bxe4 24. fxe4 Nd3 0-1

[Event "Challenge"]
[Site "http://www.queenalice.com/game.php?id=248431"]
[Date "2007.7.31"]
[Round "-"]
[White "fgonper"]
[Black "rom_banane"]
[Result "1-0"]
[WhiteElo "2319"]
[BlackElo "1954"]

1. e4 Nc6 2. Nf3 d6 3. d4 Nf6 4. Nc3 Bg4 5. d5 Bxf3 6. Qxf3 Nb4 7. Bb5+ Nd7 8.
Ba4 Na6 9. Be3 c6 10. dxc6 bxc6 11. Bxc6 Rb8 12. e5 e6 13. exd6 Bxd6 14. O-O-O
Ke7 15. Rxd6 Kxd6 16. Rd1+ Ke7 17. Rxd7+ Qxd7 18. Bxd7 Kxd7 19. Qxf7+ 1-0

[Event "Challenge"]
[Site "http://www.queenalice.com/game.php?id=274160"]
[Date "2007.9.19"]
[Round "-"]
[White "sbirulino"]
[Black "fgonper"]
[Result "0-1"]
[WhiteElo "2218"]
[BlackElo "2371"]

1. d4 Nf6 2. Nf3 e6 3. c4 b6 4. Nc3 Bb7 5. a3 d5 6. cxd5 Nxd5 7. Qc2 Be7 8. e4
Nxc3 9. bxc3 O-O 10. Bd3 c5 11. O-O Qc7 12. Qe2 Nd7 13. g3 Bd6 14. a4 h6 15. Be3
Rfd8 16. Rfb1 Rac8 17. Kg2 f5 18. exf5 c4 19. Bc2 exf5 20. a5 Rf8 21. axb6 axb6
22. Ra7 Bxf3+ 23. Qxf3 Qxa7 24. Qd5+ Rf7 25. Qxd6 Qa8+ 26. Kg1 Qa2 27. Rc1 Re8
28. Qb4 g5 29. Qd6 Rxe3 30. fxe3 Qb2 31. Qg6+ Rg7 32. Qe6+ Kh8 33. Rf1 Qxc2 34.
Rxf5 Kh7 35. Rf7 Qb1+ 36. Kg2 Qg6 37. Rxg7+ Qxg7 38. e4 Nf6 39. d5 b5 40. d6 Nd7
41. Qf5+ Kh8 42. Qe6 g4 43. Qf5 b4 44. e5 Nxe5 45. Qc8+ Qg8 46. d7 Nxd7 47. Qxd7
Qa8+ 48. Kg1 Qa1+ 0-1

[Event "Challenge"]
[Site "http://www.queenalice.com/game.php?id=274750"]
[Date "2007.9.20"]
[Round "-"]
[White "vincentlennon"]
[Black "fgonper"]
[Result "0-1"]
[WhiteElo "1884"]
[BlackElo "2326"]

1. e4 c5 2. d4 cxd4 3. Nf3 d6 4. Nxd4 Nf6 5. Nc3 a6 6. Be2 e5 7. Nb3 Be7 8. Be3
Be6 9. f4 exf4 10. Bxf4 Nc6 11. g4 d5 12. e5 Ne4 13. Nxe4 dxe4 14. Qxd8+ Rxd8
15. Nd2 O-O 16. Nxe4 Rd4 17. Bd3 Bd5 18. O-O-O Bxe4 19. Bxe4 Rxe4 20. Bg3 Rd8
21. h3 Bg5+ 22. Kb1 Rxd1+ 23. Rxd1 Re3 24. Bf2 Rxh3 25. b4 Nxe5 26. Bc5 h6 27.
Bd6 Nxg4 0-1

[Event "Challenge"]
[Site "http://www.queenalice.com/game.php?id=278691"]
[Date "2007.9.29"]
[Round "-"]
[White "mario"]
[Black "fgonper"]
[Result "0-1"]
[WhiteElo "1808"]
[BlackElo "2343"]

1. e4 e5 2. Nf3 Nc6 3. d4 exd4 4. Nxd4 Bc5 5. Be3 Qf6 6. c3 Nge7 7. Bc4 Ne5 8.
Nd2 Qg6 9. g3 Nxc4 10. Nxc4 Qxe4 11. O-O d5 12. f3 Qg6 13. Ne5 Qf6 14. Ng4 Qa6
15. b4 Bd6 16. b5 Qa5 17. Qb3 O-O 18. Nf2 Bd7 19. Rfd1 a6 20. a4 axb5 21. axb5
Qxa1 22. Rxa1 Rxa1+ 23. Kg2 Rfa8 24. g4 R8a3 25. Qc2 Ng6 26. f4 R3a2 27. Qb3
Bxg4 28. Qxd5 Nh4+ 29. Kg3 Rg1+ 30. Kxh4 Be7+ 31. Qg5 Bxg5+ 32. fxg5 Bc8 33. h3
Re1 34. Bf4 Rxf2 35. Bg3 Rh1 36. g6 Rxh3+ 37. Kg5 h6# 0-1

[Event "Challenge"]
[Site "http://www.queenalice.com/game.php?id=280757"]
[Date "2007.10.3"]
[Round "-"]
[White "waldi"]
[Black "fgonper"]
[Result "0-1"]
[WhiteElo "1919"]
[BlackElo "2379"]

1. e4 c5 2. Nc3 Nc6 3. Nf3 g6 4. Bb5 Nd4 5. Nxd4 cxd4 6. Ne2 Nf6 7. e5 Ng4 8.
Nxd4 Nxe5 9. f4 Nc6 10. Nxc6 dxc6 11. Bc4 Bg7 12. c3 b5 13. Bb3 O-O 14. O-O c5
15. Qf3 Bf5 16. Bd5 Rb8 17. d3 e6 18. Be4 b4 19. Bxf5 bxc3 20. Be4 cxb2 21. Bxb2
Rxb2 22. Rac1 Qd4+ 23. Kh1 Rxa2 24. Rc4 Qd6 25. h4 Rb8 26. h5 f5 27. Bb7 Qe7 28.
Bc6 Qh4+ 29. Qh3 Qxh3+ 30. gxh3 Rbb2 31. hxg6 hxg6 32. Rxc5 Rh2+ 33. Kg1 Bd4+
0-1

[Event "Challenge"]
[Site "http://www.queenalice.com/game.php?id=293852"]
[Date "2007.10.27"]
[Round "-"]
[White "gipmachado"]
[Black "fgonper"]
[Result "0-1"]
[WhiteElo "2300"]
[BlackElo "2359"]

1. e4 e5 2. Bc4 Nf6 3. d3 Bc5 4. Nf3 Nc6 5. Nc3 d6 6. Na4 Bb6 7. Nxb6 axb6 8. c3
O-O 9. O-O Be6 10. Bxe6 fxe6 11. Re1 Qe8 12. Qd2 Nh5 13. Qg5 b5 14. a3 b4 15.
Rb1 bxc3 16. bxc3 Nf4 17. Bxf4 h6 18. Qg3 exf4 19. Qh4 Rxa3 20. Rxb7 Qc8 21.
Rbb1 Rxc3 22. Rbc1 Rxc1 23. Rxc1 Qd7 24. Qh3 Ra8 25. d4 d5 26. e5 Ra4 27. Rd1
Qf7 28. Kf1 Na7 29. Qh4 Nb5 30. Qh3 Qg6 31. Nh4 Qe8 32. Nf3 Nc3 33. Re1 Ne4 34.
Kg1 Qf7 35. Rd1 Ra2 36. Rf1 Rc2 37. Ne1 Rc3 38. Nf3 Nd2 39. Rd1 Nxf3+ 40. gxf3
c5 41. dxc5 Rxc5 42. Qg4 Kh7 43. Kf1 Rc4 44. Ra1 h5 45. Qh3 Qg6 46. Qh4 Rb4 47.
Qe7 Rb3 0-1

[Event "Challenge"]
[Site "http://www.queenalice.com/game.php?id=293853"]
[Date "2007.10.27"]
[Round "-"]
[White "fgonper"]
[Black "gipmachado"]
[Result "1-0"]
[WhiteElo "2333"]
[BlackElo "2274"]

1. d4 Nf6 2. c4 e6 3. Nf3 d5 4. g3 c5 5. cxd5 exd5 6. Nc3 cxd4 7. Nxd4 Nc6 8.
Be3 Bb4 9. Qb3 Qa5 10. Bg2 Ne4 11. O-O Nxd4 12. Bxd4 Nd2 13. Qc2 Nxf1 14. Bxg7
Rg8 15. Qxh7 Rxg7 16. Qxg7 1-0

[Event "Challenge"]
[Site "http://www.queenalice.com/game.php?id=311997"]
[Date "2007.11.28"]
[Round "-"]
[White "PeterCamargo"]
[Black "fgonper"]
[Result "0-1"]
[WhiteElo "2333"]
[BlackElo "2409"]

1. d4 Nf6 2. c4 e6 3. Nf3 b6 4. g3 Ba6 5. b3 Bb4+ 6. Bd2 Be7 7. Bg2 c6 8. Bc3 d5
9. Ne5 Nfd7 10. Nxd7 Nxd7 11. O-O O-O 12. Nd2 Rc8 13. e4 b5 14. Re1 bxc4 15.
bxc4 dxc4 16. Qa4 Bb5 17. Qc2 Re8 18. a4 Ba6 19. Rad1 Bf8 20. a5 Nf6 21. Nf3 Qc7
22. h3 Rb8 23. Bd2 Qc8 24. e5 Nd5 25. Ng5 g6 26. Ne4 Rd8 27. Rb1 Qc7 28. Bf1 c5
29. dxc5 Bxc5 30. Nxc5 Qxc5 31. Qe4 Rxb1 32. Rxb1 Rc8 33. Bh6 Qc6 34. Qh4 c3 35.
Bg2 Qc4 36. Qg5 Qd3 37. Re1 Bb7 38. Be4 Qd4 39. Kg2 Qc4 40. g4 Qc7 41. f3 Qd8
42. Qxd8+ Rxd8 43. Kf2 Rc8 44. Rb1 Bc6 45. Bd3 Be8 46. Bc1 Ba4 47. Rb7 c2 48. a6
Nc3 49. Rxa7 Na2 50. Bh6 c1=Q 51. Bxc1 Nxc1 52. Bf1 Bb3 53. Rd7 Bd5 54. f4 Nb3
55. Be2 Nc5 56. Ra7 Kg7 57. h4 Nb3 58. f5 exf5 59. gxf5 gxf5 60. Rd7 Be6 61. Rd6
Nc5 62. Ke3 Ne4 63. Rd3 Nc3 64. Bf3 Nb5 65. Bb7 Rc4 66. Rd1 Rxh4 67. Ra1 Na7 68.
Bf3 Rb4 69. Kf2 Kh6 70. Rh1+ Kg5 71. Rxh7 Rb2+ 72. Ke3 Rb3+ 73. Kf2 Kf4 74. Rh4+
Kxe5 75. Ra4 Rb2+ 76. Kg3 Ra2 77. Rxa2 f4+ 78. Kf2 Bxa2 79. Be2 Bd5 80. Bf1 Bc6
81. Bc4 f6 82. Bf1 Bb5 83. Bg2 Bxa6 84. Bf3 Nc8 85. Bh5 Bb7 86. Bg4 Nd6 87. Bd1
f3 88. Ke3 Nc4+ 89. Kf2 Kf4 0-1

[Event "Challenge #5"]
[Site "http://www.queenalice.com/game.php?id=338568"]
[Date "2008.1.18"]
[Round "-"]
[White "Gil"]
[Black "fgonper"]
[Result "0-1"]
[WhiteElo "2259"]
[BlackElo "2392"]

1. d4 Nf6 2. Nf3 e6 3. e4 Nxe4 4. Bd3 d5 5. Nbd2 Nxd2 6. Bxd2 c5 7. dxc5 Bxc5 8.
O-O O-O 9. c4 dxc4 10. Bxc4 Nc6 11. Qc2 Nd4 12. Nxd4 Bxd4 13. Rfd1 e5 14. Bb4
Re8 15. Rac1 Bg4 16. Rd3 Rc8 17. Qd2 Qf6 18. h3 Be6 19. b3 b5 20. Bxb5 Rxc1+ 21.
Qxc1 Qxf2+ 22. Kh2 Rc8 23. Qe1 Qf4+ 24. Qg3 Qxg3+ 25. Kxg3 Rb8 26. a4 a6 27. Bd6
Rb6 28. Bc7 Rb7 29. Bxe5 Bxe5+ 30. Kf2 f5 31. Bxa6 Rxb3 32. Rxb3 Bxb3 33. a5 Bd5
34. Be2 Kf7 35. a6 Bd4+ 0-1

[Event "Challenge #6"]
[Site "http://www.queenalice.com/game.php?id=338569"]
[Date "2008.1.18"]
[Round "-"]
[White "fgonper"]
[Black "Gil"]
[Result "1-0"]
[WhiteElo "2384"]
[BlackElo "2267"]

1. e4 c5 2. Nf3 Nc6 3. d4 cxd4 4. Nxd4 Nf6 5. Nc3 d6 6. Bg5 e6 7. Qd2 Be7 8.
O-O-O h6 9. Bxf6 Bxf6 10. Nxc6 bxc6 11. Qxd6 Qxd6 12. Rxd6 Bb7 13. Na4 Ke7 14.
Rd3 Ba6 15. Rb3 Bc8 16. Be2 Rd8 17. g3 g5 18. c3 Kf8 19. Nc5 e5 20. Nb7 Rd7 21.
Na5 Rc7 22. Rd1 Kg7 23. Rd6 c5 24. Bc4 Bg4 25. Bd5 Be7 26. Ra6 Rd8 27. Nc6 Rd6
28. Rba3 Kf6 29. Nxe7 Rxa6 30. Rxa6+ Kxe7 31. Rxh6 Rc8 32. h4 gxh4 33. gxh4 Be6
34. Bxe6 fxe6 35. Rh7+ 1-0

[Event "Challenge"]
[Site "http://www.queenalice.com/game.php?id=350772"]
[Date "2008.2.8"]
[Round "-"]
[White "cardi"]
[Black "fgonper"]
[Result "0-1"]
[WhiteElo "2069"]
[BlackElo "2380"]

1. e4 c5 2. Nf3 d6 3. Nc3 Nc6 4. d4 cxd4 5. Nxd4 Nf6 6. Bb5 Bd7 7. Be3 e5 8.
Bxc6 bxc6 9. Nde2 Be7 10. Bg5 Be6 11. O-O O-O 12. Kh1 h6 13. Bh4 Re8 14. Qd2
Nxe4 15. Nxe4 Bxh4 16. Nxd6 Bd5 17. Qb4 Be7 18. Nxf7 Bxg2+ 19. Kg1 Bxb4 20. Nxd8
Bxf1 21. Kxf1 Raxd8 22. c3 Bc5 23. a4 Rf8 24. f4 Rd2 0-1

[Event "Challenge"]
[Site "http://www.queenalice.com/game.php?id=351697"]
[Date "2008.2.9"]
[Round "-"]
[White "joaohumberto"]
[Black "fgonper"]
[Result "0-1"]
[WhiteElo "1530"]
[BlackElo "2383"]

1. d4 Nf6 2. e3 d5 3. Nf3 g6 4. Nbd2 Bg7 5. Ne5 O-O 6. Qf3 Nbd7 7. c4 c5 8. cxd5
Nxe5 9. dxe5 Nxd5 10. Bc4 Nb6 11. Qg3 Nxc4 12. Nxc4 Qd5 13. b3 b5 14. Nb2 Bxe5
15. Qf3 Qxf3 16. gxf3 c4 17. f4 Bc3+ 18. Kd1 Bb7 19. bxc4 Bxh1 20. cxb5 Bf3+ 21.
Kc2 Rac8 22. Na4 Bxa1+ 23. Kb1 Bf6 24. Ba3 Be4# 0-1

[Event "World Cup"]
[Site "http://www.queenalice.com/game.php?id=411288"]
[Date "2008.6.1"]
[Round "2"]
[White "mbake5"]
[Black "fgonper"]
[Result "1-0"]
[WhiteElo "2645"]
[BlackElo "2415"]

1. e4 c5 2. Nc3 d6 3. Nge2 Nc6 4. d4 cxd4 5. Nxd4 Nf6 6. Bc4 e6 7. Be3 a6 8. f4
d5 9. Bd3 Qb6 10. Qd2 Bd7 11. Nxc6 Qxc6 12. e5 Ng4 13. Bd4 Bc5 14. Ne2 Nh6 15.
c3 O-O 16. O-O-O Qc7 17. h3 Bxd4 18. Nxd4 f6 19. Rhe1 fxe5 20. Rxe5 Rf6 21. Rde1
Nf7 22. Nxe6 1-0

[Event "Challenge"]
[Site "http://www.queenalice.com/game.php?id=411956"]
[Date "2008.6.2"]
[Round "-"]
[White "fgonper"]
[Black "Kiwizany"]
[Result "1-0"]
[WhiteElo "2400"]
[BlackElo "2141"]

1. e4 c6 2. d4 d5 3. e5 Bf5 4. Nf3 e6 5. Be2 c5 6. Be3 Qb6 7. c4 Qxb2 8. Nbd2
Nc6 9. cxd5 exd5 10. dxc5 f6 11. Nb3 fxe5 12. Qxd5 Nf6 13. Qc4 O-O-O 14. O-O Be7
15. Nh4 Be4 16. Bf3 Bd5 17. Bxd5 Nxd5 18. Nf5 Rhf8 19. Nxe7+ Ncxe7 20. Bg5 h6
21. Rab1 Qxa2 22. Ra1 Qb2 23. Bxe7 Rf4 24. Qb5 Rb4 25. Qa5 Rd7 26. c6 bxc6 27.
Qa6+ 1-0

[Event "Challenge"]
[Site "http://www.queenalice.com/game.php?id=432124"]
[Date "2008.7.12"]
[Round "-"]
[White "pickles"]
[Black "fgonper"]
[Result "0-1"]
[WhiteElo "2319"]
[BlackElo "2403"]

1. d4 Nf6 2. c4 e6 3. Nc3 Bb4 4. e3 O-O 5. Bd3 c5 6. Nf3 d5 7. O-O cxd4 8. exd4
dxc4 9. Bxc4 Nbd7 10. Bg5 h6 11. Bh4 Qa5 12. Bd3 Bxc3 13. bxc3 Qxc3 14. Re1 b6
15. Ne5 Nxe5 16. dxe5 Nd5 17. Rc1 Qa5 18. Qg4 Bb7 19. Be4 Rfb8 20. Bf6 Nxf6 21.
exf6 Qg5 22. Qxg5 hxg5 23. fxg7 Bxe4 24. Rxe4 Kxg7 25. h4 Rc8 26. Rxc8 Rxc8 27.
hxg5 Kg6 28. f4 b5 29. a4 Rc4 0-1